000
00340 a2200157 4500
001
180008
020
_a
040
_c
Magnum
100
_a
Coelho, Raquel
240
1
0
_a
O centauro e o vento
_l
por
245
1
0
_a
O centauro e o vento
362
0
_a
1899
440
1
_a
Melhoramentos
697
_a
MAGNITO: I/FADAS, FANTASIA
942
_c
BK
999
_c
180008
_d
180008